Normal view
MARC view
Entry Personal Name
001 - CONTROL NUMBER
- control field: 4737
003 - CONTROL NUMBER IDENTIFIER
- control field: OSt
005 - DATE AND TIME OF LATEST TRANSACTION
- control field: 20150520150646.0
008 - FIXED-LENGTH DATA ELEMENTS
- fixed length control field: 150520|| aca||aabn | a|a d
040 ## - CATALOGING SOURCE
- Original cataloging agency: OSt
- Transcribing agency: OSt
100 ## - HEADING--PERSONAL NAME
- Personal name: Bennett, Arthur G.
- Fuller form of name: (Arthur George)
670 ## - SOURCE DATA FOUND
- Source citation: Work cat.: (OSt)1802: Bennett, Arthur G. (Arthur George), Bennett and Rabbetts' clinical visual optics., 1998.
